İMDAAT İŞLER KARIŞTI (Kayıt no. 819664)

MARC ayrıntıları
000 -LEADER
sabit uzunluktaki kontrol alanı 00263nam a2200097Ia 4500
001 - KONTROL NUMARASI
kontrol alanı 819664
005 - EN SON İŞLEMİN TARİH VE ZAMANI
kontrol alanı 20250826171817.0
008 - SABİT-UZUNLUKTA VERİ ÖĞELERİ--GENEL BİLGİ
sabit uzunluktaki kontrol alanı 250824s9999 xx 000 0 und d
245 #0 - ESER / YAZAR
ESER ADI İMDAAT İŞLER KARIŞTI
Yazar Adı MÜGE DEĞİRMENCİ
260 ## - YAYIN, DAĞITIM, VB.
YAYIN EVİ ÇOCUK GEZEGENİ YAYINLARI
Mevcut
Düşüm durumu Kayıp durumu Hasar Durumu Ödünç verilmez Ana kütüphane Geçerli Kütüphane Edinilen tarih Toplam ödünç verme sayısı Barkod Son görüntüleme tarihi Fiyatın geçerli olmaya başladığı tarih Koha materyal türü
        ŞEHİT ERKAN KURŞUN İLKOKULU ŞEHİT ERKAN KURŞUN İLKOKULU 24.08.2025   1042846 26.08.2025 26.08.2025 Kitaplar
Gemini Bilgi Teknolojileri A.Ş. tarafından düzenlenmiştir.